Normal view
MARC view
- Obeyesekere, J E M
Entry Personal Name
001 - CONTROL NUMBER
- control field: 15805
003 - CONTROL NUMBER IDENTIFIER
- control field: LSTLib
005 - DATE AND TIME OF LATEST TRANSACTION
- control field: 20211028170845.0
008 - FIXED-LENGTH DATA ELEMENTS
- fixed length control field: 211028|| aca||aabn | a|a d
040 ## - CATALOGING SOURCE
- Original cataloging agency: LSTLib
- Transcribing agency: LSTLib
100 ## - HEADING--PERSONAL NAME
- Personal name: Obeyesekere, J E M
670 ## - SOURCE DATA FOUND
- Source citation: Work cat.: (LSTLib)1968: Obeyesekere, J E M, The Times of Ceylon Law Reports





